Nedorozumenia s pravdou Hovoríme s profesorom Jurajom Kopaničákom

Bibliographic Details
Main Authors: Kopaničák, Juraj, 1921-1997 (Author), Červeňák, Andrej, 1932-2012 (Author)
Format: Article
Language:Slovak
PhysicalDescription:Fotogr. 2
Subjects:

MARC

LEADER 00000nab a2200000 a 4500
001 vtls000500996
003 SK-MaSNL
005 20260303185041.0
008 160216c1993 xo 0 slo
015 |a SNBRB19rr/mm-uuuuu 
035 |a CL0501134 
040 |a SNKBUCL  |b slo  |c SNKBUCL  |e AACR2 
041 0 |a slo 
044 |a xo  |c SK 
080 |a 82:929:885.4  |2 1981 
080 |a 885.4  |2 1981 
080 |a 378.124  |2 1981 
080 |a 929 Kopaničák, Juraj  |2 1981 
100 1 |a Kopaničák, Juraj,  |d 1921-1997  |4 aut  |9 169541 
245 1 0 |a Nedorozumenia s pravdou  |b Hovoríme s profesorom Jurajom Kopaničákom  |c Juraj Kopaničák, Andrej Červeňák 
300 |b Fotogr. 2 
600 1 7 |a Kopaničák, Juraj,  |d 1921-1997  |2 snkbucl  |9 169541 
655 7 |a rozhovory  |2 snkbucl  |9 31831 
655 7 |a články z odboru literárna veda a krásna literatúra  |2 snkbucl  |9 770045 
655 7 |a články z novín a časopisov  |2 snkbucl  |9 267496 
700 1 |a Červeňák, Andrej,  |d 1932-2012  |4 aut  |9 153402 
773 0 |t Literárny týždenník  |g Roč. 6, č. 34 (1993), s. 1 a 11 
850 |a Slovenská národná knižnica v Martine  |a MTA001 
852 |a SNK  |b KIS3GCP 
958 |a BX 
958 |a RK 
958 |a LX 
999 |c 2129486  |d 2131416